Rastislav Bohuš

Bibliographic Details
Main Author: Lacika, Ivan (Author)
Format: Article
Language:Slovak
PhysicalDescription:Obr. 4.
Subjects:

MARC

LEADER 00000nab a2200000 a 4500
001 vtls000008089
003 SK-MaSNL
005 20260304052657.0
008 250422c1978 xo 0 slo
015 |a SNBRB19rr/mm-uuuuu 
035 |a CL0018182 
035 |a urn:nbn:sk:snk-ab9y 
035 |a (urnnbn)urn:nbn:sk:snk:ar-005kyq 
035 |a (uuid)76e9b849-9128-4e0a-b520-48e3469c4e7b 
040 |a SNKBUCL  |b slo  |c SNKBUCL  |e AACR2 
041 0 |a slo 
044 |a xo  |c SK 
080 |a 792  |2 1981 
080 |a 75  |2 1981 
080 |a 92 Bohuš, Rastislav  |2 1981 
100 1 |a Lacika, Ivan  |4 aut  |9 277239 
245 1 0 |a Rastislav Bohuš  |c Ivan Lacika 
300 |b Obr. 4. 
600 1 7 |a Bohuš, Rastislav,  |d 1948-  |2 snkbucl  |9 216266 
655 7 |a články z novín a časopisov  |2 snkbucl  |9 267496 
773 0 |t Výtvarný život  |g Roč. 23, č. 7 (1978), s. 45 
850 |a Slovenská národná knižnica 
852 |a Slovenská národná knižnica 
954 |a odborná, vedecká literatúra pôvodná (slovenská)  |2 lita 
958 |a article27 
958 |a RK 
958 |a OND 
958 |a EUIPO 
992 |a RBX 
999 |c 2709354  |d 2711284